Mechanical Engineering The Magazines of ASME (Record no. 52049)

MARC details
000 -LEADER
fixed length control field 00443nam a2200145Ia 4500
008 - FIXED-LENGTH DATA ELEMENTS--GENERAL INFORMATION
fixed length control field 220530s9999 xx 000 0 und d
041 ## - LANGUAGE CODE
Language code of text/sound track or separate title eng
082 ## - DEWEY DECIMAL CLASSIFICATION NUMBER
Classification number 621:050
Item number FAL
100 ## - MAIN ENTRY--PERSONAL NAME
Personal name Falcioni, John D. ( Chif Editor)
9 (RLIN) 57710
245 ## - TITLE STATEMENT
Title Mechanical Engineering The Magazines of ASME
250 ## - EDITION STATEMENT
Edition statement 1st
260 ## - PUBLICATION, DISTRIBUTION, ETC. (IMPRINT)
Place of publication, distribution, etc. New York
Name of publisher, distributor, etc. American Socitey of Mechanical Engineering (ASME)
Date of publication, distribution, etc. 2013
300 ## - PHYSICAL DESCRIPTION
Extent 852 P.
Other physical details HB
-- Vol. 135 No. 1 to 12
906 ## - LOCAL DATA ELEMENT F, LDF (RLIN)
a 0
Holdings
Withdrawn status Lost status Damaged status Not for loan Home library Current library Date acquired Vendor Total Checkouts Full call number Barcode Date last seen Bill Date Koha item type Original Barcode
        Cummins College of Engineering for Women Nagpur Cummins College of Engineering for Women Nagpur 07/07/2014 Book Source   621:050/FAL/ CEWN-BV-32 30/05/2022 30/05/2022 Bound Volume J00032